Normal view
MARC view
- Tombuloğlu, Güzin
Entry Personal Name
001 - CONTROL NUMBER
- control field: 132630
003 - CONTROL NUMBER IDENTIFIER
- control field: NUST
005 - DATE AND TIME OF LATEST TRANSACTION
- control field: 20251230145518.0
008 - FIXED-LENGTH DATA ELEMENTS
- fixed length control field: 251230|| aca||aabn | a|a d
040 ## - CATALOGING SOURCE
- Original cataloging agency: NUST
- Transcribing agency: NUST
100 ## - HEADING--PERSONAL NAME
- Personal name: Tombuloğlu, Güzin
670 ## - SOURCE DATA FOUND
- Source citation: Work cat.: (NUST)0: Plant Omics: Trends and Applications /
